000 002710000a22000970004500
100 1 _aSmith, Christopher R.
245 1 0 _aThe literary structure of Leviticus
300 _aNúm 70 (1996), Páginas 17-32
773 0 _tJournal for the Study of the Old Testament
942 _cANA
999 _c54618
_d54618